01246cam a2200301 a 450000100100000000500170001000800410002702000150006804000300008308200180011310000250013124501150015626000930027130000280036449000180039250400570041065000390046765000300050665100510053665100550058765100560064261000370069883000270073591000340076204900090079695201220080599900170092700001197120260409194019.0990514s1998 sw a b 000 0 spa d a9185894532 aDO-SdBNPbspacDLCdBNPHU a327.17bB419c1 aBehar, Jaime.92826810aCooperación y competencia en un mercado común :bestudios sobre la economía del MERCOSUR /cJaime Behar. aStockholm, Suecia :bInstitute of Latin American Studies ;bStockholm University,c1998. a171 p. :bil. ;c24 cm.1 aMonographv33 aIncluye referencias bibliográficas (p. [167]-171). 0aCooperación internacional 91240 0aCrisis económica 99159 4aAmérica Del SurxTratados Comerciales928269 4aAmérica Del SurxTratados Internacionales928270 4aAmérica Del SurxIntegración Económica92827120aMERCOSUR (Organización)928272 0aMonograph ;v33928273 aCatalogación por copia / LC aBNGR 001052708MOaGRbGRcCTd2009-11-02iLF1l0o327.17 B419cp11971-10r2020-06-25w2020-06-25y2ZPréstamo interno c11641d11641